Ekologi serangga : Peter W. Price

Bibliographic Details
Main Author: PRICE
Other Authors: Maryati Mohamed
Format: Book
Published: Kuala Lumpur : DBP , 1993
Subjects:

MARC

LEADER 00000cam a2200000 7i4500
001 0000000024
005 20000717.0
020 0 0 |a 9836219471 
090 0 0 |a 595.705   |b PRI 1993 
100 1 0 |a PRICE   |h Peter W. 
245 1 0 |a Ekologi serangga :   |b Peter W. Price   |c penterjemah Maryati Mohamed 
260 0 0 |a Kuala Lumpur :   |b DBP ,   |c 1993 
300 |a xv, 636 p. :   |b ill. ;   |c 24 cm. 
500 0 0 |a Bibliography [p.535-600] and index 
650 0 0 |a Insect   |x Ecology 
700 0 1 |a Maryati Mohamed 
999 |a 0000001201   |b Monograph   |c Open Shelf   |e Default branch